| Tag |
First Indicator |
Second Indicator |
Subfields |
| LEADER |
00000pam a2200000 a 4500 |
| 001 |
in00000077817 |
| 005 |
20151008053847.0 |
| 008 |
810126s1981 nyua b 00110 eng |
| 010 |
|
|
|a 81000228
|
| 020 |
|
|
|a 0684168650 :
|c $14.95
|
| 035 |
|
|
|a (OCoLC)07249012
|
| 035 |
|
|
|9 AAH8883AM
|
| 039 |
0 |
|
|a 2
|b 3
|c 3
|d 3
|e 3
|
| 040 |
|
|
|a DLC
|c DLC
|d TXA
|d UtOrBLW
|
| 049 |
|
|
|a TXAM
|c [1421965]
|
| 050 |
0 |
0 |
|a QC861.2
|b .D3
|
| 082 |
0 |
|
|a 551.6/3
|2 19
|
| 100 |
1 |
|
|a Dabberdt, Walter F.
|
| 245 |
1 |
0 |
|a Weather for outdoorsmen :
|b a complete guide to understanding and predicting weather in mountains and valleys, on the water, and in the woods /
|c Walter F. Dabberdt ; [charts and drawings by John Zermani].
|
| 264 |
|
1 |
|a New York :
|b Scribner,
|c [1981]
|
| 264 |
|
4 |
|c ©1981
|
| 300 |
|
|
|a xv, 240 pages :
|b illustrations (some color) ;
|c 21 cm.
|
| 336 |
|
|
|a text
|b txt
|2 rdacontent
|
| 337 |
|
|
|a unmediated
|b n
|2 rdamedia
|
| 338 |
|
|
|a volume
|b nc
|2 rdacarrier
|
| 500 |
|
|
|a Illustrated lining papers.
|
| 500 |
|
|
|a Includes index.
|
| 504 |
|
|
|a Bibliography: pages 235-236.
|
| 650 |
|
0 |
|a Weather.
|
| 999 |
|
|
|a MARS
|
| 999 |
f |
f |
|s 65499376-47c7-3f01-979c-c8aa809561f3
|i 5acd9604-62ac-3728-b8e1-506dacbce0c6
|t 0
|
| 952 |
f |
f |
|p normal
|a Texas A&M University
|b Galveston Campus
|c Jack K. Williams Library
|d Galveston Stacks
|t 0
|e QC861.2 .D3
|h Library of Congress classification
|i unmediated -- volume
|m 33620000368551
|
| 952 |
f |
f |
|p normal
|a Texas A&M University
|b College Station
|c Sterling C. Evans Library
|d Evans: Library Stacks
|t 0
|e QC861.2 .D3
|h Library of Congress classification
|i unmediated -- volume
|m A14806209780
|
| 998 |
f |
f |
|a QC861.2 .D3
|t 0
|l Galveston Stacks
|
| 998 |
f |
f |
|a QC861.2 .D3
|t 0
|l Evans: Library Stacks
|